[Event "Univé Chess Tournament 2009 - Open"]
[Site "Hoogeveen NED"]
[Date "2009.10.18"]
[Round "3.15"]
[White "Cako, Laszlo"]
[Black "Tondivar, Babak"]
[Result "1/2-1/2"]
[WhiteElo "2159"]
[BlackElo "2367"]
[PlyCount "59"]
[EventDate "2009.10.16"]
[EventType "swiss"]
[EventRounds "9"]
[EventCountry "NED"]
[Source "lmi"]
[SourceDate "2009.10.16"]

1. e4 e6 2. d4 d5 3. Nc3 Bb4 4. e5 c5 5. a3 Ba5 6. b4 cxd4 7. Nb5 Bc7 8. f4 Nh6
9. Nf3 Bd7 10. Nxc7+ Qxc7 11. Bd3 Ba4 12. Bb2 Nc6 13. O-O Qb6 14. Kh1 O-O-O 15.
Qe2 a6 16. Qf2 Nf5 17. Bxf5 exf5 18. Bxd4 Qb5 19. Rad1 Qc4 20. Rd2 h6 21. Kg1
Rhg8 22. Qe3 Rge8 23. Re1 Kb8 24. Rd3 Rc8 25. Bc5 Qxc2 26. Rxd5 Red8 27. Bd6+
Ka8 28. Rc5 Qa2 29. Rec1 Qe6 30. Qc3 1/2-1/2

[Event "Univé Chess Tournament 2009 - Open"]
[Site "Hoogeveen NED"]
[Date "2009.10.18"]
[Round "3.16"]
[White "Kasparova, Tatiana"]
[Black "Afek, Yochanan"]
[Result "1/2-1/2"]
[WhiteElo "2175"]
[BlackElo "2303"]
[PlyCount "80"]
[EventDate "2009.10.16"]
[EventType "swiss"]
[EventRounds "9"]
[EventCountry "NED"]
[Source "lmi"]
[SourceDate "2009.10.16"]

1. e4 c5 2. Nf3 Nf6 3. e5 Nd5 4. Nc3 e6 5. Nxd5 exd5 6. d4 Qb6 7. Be2 Nc6 8.
dxc5 Bxc5 9. O-O d4 10. Bd3 h6 11. Qe2 Ne7 12. a3 a5 13. b3 O-O 14. Qe4 Qg6 15.
Qf4 Qh5 16. Bb2 Nc6 17. Qe4 g6 18. Rfe1 d6 19. Nxd4 Nxe5 20. Be2 Qg5 21. Rad1
Bd7 22. Bc1 Qf6 23. Qf4 Qxf4 24. Bxf4 Bxa3 25. Bxh6 Rfe8 26. Bb5 Nc6 27. Nxc6
bxc6 28. Bd3 Bb4 29. Rxe8+ Rxe8 30. Kf1 d5 31. Bd2 Ra8 32. Be1 Kf8 33. Ra1 Bxe1
34. Kxe1 c5 35. Kd2 Ke7 36. h4 Kd6 37. Be2 Be6 38. Ra4 Bd7 39. Ra1 a4 40. bxa4
Rxa4 1/2-1/2

[Event "Univé Chess Tournament 2009 - Open"]
[Site "Hoogeveen NED"]
[Date "2009.10.18"]
[Round "3.17"]
[White "Fehr, Axel"]
[Black "Clemens, Adrian"]
[Result "0-1"]
[WhiteElo "2128"]
[BlackElo "2264"]
[PlyCount "72"]
[EventDate "2009.10.16"]
[EventType "swiss"]
[EventRounds "9"]
[EventCountry "NED"]
[Source "lmi"]
[SourceDate "2009.10.16"]

1. c4 b6 2. Nc3 Bb7 3. e4 e6 4. a3 c5 5. Nf3 Nf6 6. Bd3 d6 7. O-O Be7 8. Re1
O-O 9. Bc2 Nc6 10. d4 cxd4 11. Nxd4 Nxd4 12. Qxd4 Ng4 13. Qd1 Ne5 14. Qe2 Rc8
15. b3 Bf6 16. Bb2 Nc6 17. Rad1 Be5 18. Rd3 Qf6 19. Qd1 Nd4 20. Ree3 Nxc2 21.
Qxc2 Qg6 22. Rg3 Bxg3 23. Rxg3 Qh6 24. Nb5 e5 25. Bc1 Qh4 26. Nxd6 Rcd8 27. Bg5
Bxe4 28. Qc1 Qh5 29. Bf6 Bg6 30. Rg5 Rxd6 31. Rxh5 Bxh5 32. g4 Bxg4 33. f3 Bxf3
34. Qc3 Rxf6 35. Qxe5 h6 36. b4 Rc8 0-1

[Event "Univé Chess Tournament 2009 - Open"]
[Site "Hoogeveen NED"]
[Date "2009.10.18"]
[Round "3.18"]
[White "Genova, Lyubka"]
[Black "Admiraal, Miguoel"]
[Result "1-0"]
[WhiteElo "2250"]
[BlackElo "2194"]
[PlyCount "111"]
[EventDate "2009.10.16"]
[EventType "swiss"]
[EventRounds "9"]
[EventCountry "NED"]
[Source "lmi"]
[SourceDate "2009.10.16"]

1. e4 c5 2. Nf3 e6 3. d4 cxd4 4. Nxd4 Nc6 5. Nb5 d6 6. c4 Nf6 7. N1c3 a6 8. Na3
b6 9. Be2 Be7 10. O-O Bb7 11. Be3 O-O 12. Rc1 Ne5 13. Qd4 Ned7 14. Rfd1 Rc8 15.
Nc2 Qc7 16. f3 Rfe8 17. Qd2 Qb8 18. Kh1 Ne5 19. b3 Ng6 20. Bg1 Ba8 21. Nd4 Rcd8
22. Bf1 h5 23. Qf2 h4 24. b4 Kh7 25. a3 Rh8 26. Nb3 Kg8 27. Qxb6 Qc8 28. c5 Nd7
29. Qxa6 Bb7 30. Qe2 dxc5 31. Nxc5 Nf4 32. Qe1 Nxc5 33. Bxc5 Bf6 34. Nb5 Rxd1
35. Qxd1 Qa8 36. Be3 Be5 37. Rc5 Ng6 38. h3 Kh7 39. Rc2 Qb8 40. Rd2 Bf6 41. Nd6
Rf8 42. f4 Ba8 43. e5 Be7 44. b5 Kg8 45. a4 Bd8 46. b6 Bc6 47. a5 Ne7 48. Bc4
Bd5 49. Bxd5 Nxd5 50. Rxd5 exd5 51. Qxd5 Be7 52. a6 Bxd6 53. exd6 Qe8 54. Bg1
Qa4 55. a7 Qa2 56. Qxa2 1-0

[Event "Univé Chess Tournament 2009 - Open"]
[Site "Hoogeveen NED"]
[Date "2009.10.18"]
[Round "3.19"]
[White "Hummel, Joop"]
[Black "Klein, David"]
[Result "1-0"]
[WhiteElo "2025"]
[BlackElo "2248"]
[PlyCount "100"]
[EventDate "2009.10.16"]
[EventType "swiss"]
[EventRounds "9"]
[EventCountry "NED"]
[Source "lmi"]
[SourceDate "2009.10.16"]

1. d4 Nf6 2. c4 g6 3. Nf3 Bg7 4. g3 O-O 5. Bg2 d6 6. O-O c6 7. Nc3 Qa5 8. d5
cxd5 9. cxd5 Na6 10. h3 Bd7 11. e4 b5 12. e5 Ne8 13. e6 fxe6 14. dxe6 Bc6 15.
Nd5 Bxd5 16. Qxd5 Nf6 17. Qb7 Nc5 18. Qxe7 Qb6 19. Rd1 Rae8 20. Qxd6 Rd8 21.
Qxd8 Rxd8 22. Be3 Rxd1+ 23. Rxd1 b4 24. e7 Qb5 25. Ng5 Bh6 26. Rd8+ Kg7 27. h4
b3 28. axb3 Nxb3 29. Bd5 Bxg5 30. Bxg5 Ne8 31. Bf4 Qe2 32. Rxe8 Qd1+ 33. Kh2
Qxd5 34. Rd8 Qc5 35. Be5+ Qxe5 36. e8=Q Qxe8 37. Rxe8 a5 38. Rb8 Nd4 39. Rb7+
Kf8 40. Kg2 Ne6 41. f4 Nc5 42. Rxh7 Nd3 43. Rb7 a4 44. Kf3 Ke8 45. Ke2 Nc5 46.
Ra7 Kd8 47. Rg7 Ne4 48. Rxg6 Nxg3+ 49. Kd3 Nh5 50. Ke3 Nxf4 1-0

[Event "Univé Chess Tournament 2009 - Open"]
[Site "Hoogeveen NED"]
[Date "2009.10.18"]
[Round "3.20"]
[White "Timmermans, Ivo"]
[Black "Warmelink, Evie"]
[Result "1-0"]
[WhiteElo "2237"]
[BlackElo "1941"]
[PlyCount "61"]
[EventDate "2009.10.16"]
[EventType "swiss"]
[EventRounds "9"]
[EventCountry "NED"]
[Source "lmi"]
[SourceDate "2009.10.16"]

1. c4 e5 2. g3 g6 3. Bg2 Bg7 4. Nc3 Nc6 5. e4 d6 6. Nge2 Nh6 7. d3 f5 8. Nd5
Be6 9. O-O O-O 10. f3 Nd4 11. Be3 Nxe2+ 12. Qxe2 c6 13. Nc3 f4 14. Bf2 g5 15.
g4 Nf7 16. Rfd1 h5 17. h3 c5 18. Rab1 Qd7 19. b4 b6 20. Rd2 Nh6 21. Nd5 hxg4
22. hxg4 Kh7 23. bxc5 dxc5 24. Qd1 Nxg4 25. fxg4 Bxg4 26. Bf3 Bh3 27. Be1 Rh8
28. Rh2 Kg6 29. Rbb2 g4 30. Bxg4 Bxg4 31. Rbg2 1-0

[Event "Univé Chess Tournament 2009 - Open"]
[Site "Hoogeveen NED"]
[Date "2009.10.18"]
[Round "3.21"]
[White "Galje, Hans"]
[Black "Bezemer, Arno"]
[Result "0-1"]
[WhiteElo "2139"]
[BlackElo "2364"]
[PlyCount "66"]
[EventDate "2009.10.16"]
[EventType "swiss"]
[EventRounds "9"]
[EventCountry "NED"]
[Source "lmi"]
[SourceDate "2009.10.16"]

1. d4 Nf6 2. c4 g6 3. f3 Bg7 4. e4 d6 5. Nc3 O-O 6. Bg5 c5 7. d5 e6 8. Qd2 Qa5
9. a4 Na6 10. Nge2 exd5 11. cxd5 Bd7 12. Nc1 Rac8 13. Bb5 Nb8 14. Ra3 c4 15.
O-O a6 16. Bxd7 Nbxd7 17. N1e2 Nc5 18. Kh1 Rfe8 19. Rb1 Nfd7 20. Bh6 Bh8 21.
Nd4 Nd3 22. Nce2 Qd8 23. Bg5 Bf6 24. Be3 N7e5 25. Nc3 h5 26. a5 Nd7 27. b4 Be5
28. b5 Qh4 29. Bg1 Qf6 30. Nce2 axb5 31. Rxb5 N7c5 32. Rb6 Qh4 33. Nc1 Bf4 0-1

[Event "Univé Chess Tournament 2009 - Open"]
[Site "Hoogeveen NED"]
[Date "2009.10.18"]
[Round "3.22"]
[White "Vinke, Andreas"]
[Black "Mol, Christiaan"]
[Result "1-0"]
[WhiteElo "2232"]
[BlackElo "2079"]
[PlyCount "47"]
[EventDate "2009.10.16"]
[EventType "swiss"]
[EventRounds "9"]
[EventCountry "NED"]
[Source "lmi"]
[SourceDate "2009.10.16"]

1. c4 c5 2. g3 Nf6 3. Bg2 d5 4. cxd5 Nxd5 5. Nc3 e6 6. Nf3 Nc6 7. O-O Be7 8. d4
O-O 9. Nxd5 exd5 10. Be3 c4 11. b3 cxb3 12. Qxb3 Na5 13. Qd3 Nc4 14. Nd2 Nxd2
15. Bxd2 Bf6 16. Rab1 g6 17. Rb5 a6 18. Rxd5 Qe7 19. a3 Re8 20. e4 Be6 21. Bb4
Qc7 22. Rc5 Qd7 23. d5 b5 24. Qf3 1-0

[Event "Univé Chess Tournament 2009 - Open"]
[Site "Hoogeveen NED"]
[Date "2009.10.18"]
[Round "3.23"]
[White "Akotchik, Viktor"]
[Black "Haast, Anne"]
[Result "0-1"]
[WhiteElo "2102"]
[BlackElo "2215"]
[PlyCount "106"]
[EventDate "2009.10.16"]
[EventType "swiss"]
[EventRounds "9"]
[EventCountry "NED"]
[Source "lmi"]
[SourceDate "2009.10.16"]

1. e4 e5 2. Nf3 Nc6 3. Bb5 a6 4. Ba4 Nf6 5. O-O Be7 6. Re1 b5 7. Bb3 O-O 8. h3
d6 9. c3 Na5 10. Bc2 c5 11. d4 Qc7 12. d5 Bd7 13. b3 Rfe8 14. Nbd2 Bf8 15. Nf1
g6 16. Ng3 Bg7 17. Nh2 h5 18. Nf3 c4 19. b4 Nb7 20. Be3 a5 21. a3 Ra6 22. Qc1
Rea8 23. Qb2 Nh7 24. Reb1 Nd8 25. Kh2 Be8 26. Nd2 Qc8 27. Ne2 f5 28. bxa5 Nb7
29. a4 Rxa5 30. f4 Nf6 31. fxe5 dxe5 32. Rd1 Nd6 33. Bg5 bxa4 34. Qa3 Qc5 35.
Bxf6 Bxf6 36. Qxc5 Rxc5 37. Ra2 Bf7 38. Rxa4 Rxa4 39. Bxa4 fxe4 40. Bc2 Rxd5
41. Ng3 e3 42. Nde4 Nxe4 43. Nxe4 Rxd1 44. Nxf6+ Kg7 45. Nxh5+ gxh5 46. Bxd1
Bg6 47. Kg1 h4 48. Kf1 Bd3+ 49. Ke1 Kf6 50. Bg4 Kg5 51. g3 hxg3 52. Bf3 Kf4 53.
Bg2 Be4 0-1

[Event "Univé Chess Tournament 2009 - Open"]
[Site "Hoogeveen NED"]
[Date "2009.10.18"]
[Round "3.25"]
[White "Hortensius, Lisa"]
[Black "Kabos, Tobias"]
[Result "0-1"]
[WhiteElo "2042"]
[BlackElo "2175"]
[PlyCount "52"]
[EventDate "2009.10.16"]
[EventType "swiss"]
[EventRounds "9"]
[EventCountry "NED"]
[Source "lmi"]
[SourceDate "2009.10.16"]

1. e4 c5 2. Nf3 d6 3. d4 cxd4 4. Nxd4 Nf6 5. Nc3 g6 6. Be3 Bg7 7. f3 a6 8. Qd2
Nbd7 9. g4 b5 10. Nc6 Qc7 11. Nxe7 Bb7 12. Ned5 Nxd5 13. exd5 O-O 14. O-O-O
Rac8 15. Be2 Rfe8 16. Ne4 Bxd5 17. Bd3 Ne5 18. Qg2 Nxd3+ 19. Rxd3 Rxe4 20. Bb6
Qc6 21. Rxd5 Qxd5 22. fxe4 Qxa2 23. Be3 Qxb2+ 24. Kd1 Qb1+ 25. Bc1 Bh6 26. g5
Bxg5 0-1

[Event "Univé Chess Tournament 2009 - Open"]
[Site "Hoogeveen NED"]
[Date "2009.10.18"]
[Round "3.26"]
[White "Stavast, Dick"]
[Black "Van der Veen, Jan"]
[Result "0-1"]
[WhiteElo "1998"]
[BlackElo "2144"]
[PlyCount "68"]
[EventDate "2009.10.16"]
[EventType "swiss"]
[EventRounds "9"]
[EventCountry "NED"]
[Source "lmi"]
[SourceDate "2009.10.16"]

1. Nf3 Nf6 2. g3 g6 3. Bg2 Bg7 4. O-O O-O 5. d3 d6 6. e4 e5 7. h3 Re8 8. Re1 d5
9. exd5 Nxd5 10. Nbd2 Nc6 11. Nc4 h6 12. a4 a5 13. c3 b6 14. Qb3 Bb7 15. Bd2
Qd7 16. Rad1 Rad8 17. Bc1 Kh7 18. d4 exd4 19. Rxe8 Qxe8 20. cxd4 Ncb4 21. Re1
Qf8 22. Bd2 Bc8 23. Nfe5 f6 24. Nf3 Re8 25. Ne3 Nxe3 26. Rxe3 Rxe3 27. Bxe3 Qe8
28. Bf4 Be6 29. Qe3 Nd5 30. Ng5+ fxg5 31. Bxd5 gxf4 32. Qxe6 Qxe6 33. Bxe6 fxg3
34. d5 Bd4 0-1

[Event "Univé Chess Tournament 2009 - Open"]
[Site "Hoogeveen NED"]
[Date "2009.10.18"]
[Round "3.27"]
[White "Hendriks, Richard"]
[Black "Sparenberg, Erik"]
[Result "1-0"]
[WhiteElo "2117"]
[BlackElo "2076"]
[PlyCount "51"]
[EventDate "2009.10.16"]
[EventType "swiss"]
[EventRounds "9"]
[EventCountry "NED"]
[Source "lmi"]
[SourceDate "2009.10.16"]

1. e4 e5 2. Nf3 Nc6 3. Nc3 Nf6 4. Bb5 d6 5. d4 exd4 6. Qxd4 Bd7 7. Bxc6 Bxc6 8.
Bf4 Nh5 9. Be3 Qf6 10. Qd2 Be7 11. O-O-O Qg6 12. Nd4 Qxg2 13. Nf5 Bf6 14. Nd5
Bxd5 15. Qxd5 g6 16. Nh6 Qh3 17. Qxf7+ Kd8 18. Qd5 Kc8 19. Nf7 Re8 20. e5 Bxe5
21. Nxe5 dxe5 22. Bg5 c6 23. Qf7 Rh8 24. Qe7 b6 25. Rd6 Kb8 26. Rd7 1-0

[Event "Univé Chess Tournament 2009 - Open"]
[Site "Hoogeveen NED"]
[Date "2009.10.18"]
[Round "3.28"]
[White "Bijlsma, Nick"]
[Black "Lagrotteria, Salvatore"]
[Result "1-0"]
[WhiteElo "2028"]
[BlackElo "2221"]
[PlyCount "61"]
[EventDate "2009.10.16"]
[EventType "swiss"]
[EventRounds "9"]
[EventCountry "NED"]
[Source "lmi"]
[SourceDate "2009.10.16"]

1. e4 e6 2. d3 d5 3. Nd2 Nf6 4. Ngf3 Be7 5. g3 c5 6. Bg2 Nc6 7. O-O b5 8. Re1
O-O 9. e5 Nd7 10. Nf1 a5 11. h4 Bb7 12. Bf4 a4 13. a3 b4 14. Ne3 bxa3 15. bxa3
Ra7 16. c4 Nb6 17. Rb1 Nd4 18. Ng5 Bxg5 19. Bxg5 f6 20. exf6 gxf6 21. Bh6 Rf7
22. Qg4+ Kh8 23. Qh5 Ba6 24. cxd5 Bxd3 25. dxe6 Nxe6 26. Rbd1 Rad7 27. Bc6 Bg6
28. Rxd7 Nxd7 29. Qd5 Nd4 30. h5 Qa5 31. Ng2 1-0

[Event "Univé Chess Tournament 2009 - Open"]
[Site "Hoogeveen NED"]
[Date "2009.10.18"]
[Round "3.29"]
[White "Ypma, Peter"]
[Black "Potze, Rudolf"]
[Result "1-0"]
[WhiteElo "2052"]
[BlackElo "2156"]
[PlyCount "85"]
[EventDate "2009.10.16"]
[EventType "swiss"]
[EventRounds "9"]
[EventCountry "NED"]
[Source "lmi"]
[SourceDate "2009.10.16"]

1. e4 c5 2. Nf3 Nc6 3. d4 cxd4 4. Nxd4 Nf6 5. Nc3 e5 6. Ndb5 d6 7. Bg5 a6 8.
Na3 b5 9. Nd5 Be7 10. Bxf6 Bxf6 11. c3 Bg5 12. Nc2 Rb8 13. a4 bxa4 14. Ndb4
Nxb4 15. Nxb4 Bd7 16. Qxd6 Be7 17. Qxe5 O-O 18. Bxa6 Bxb4 19. cxb4 Rxb4 20. O-O
Qb6 21. Be2 Re8 22. Qc3 Rxb2 23. Bd1 Rb4 24. Bc2 Rc8 25. Qd2 Rd4 26. Qe2 Qb2
27. Rfc1 Rdc4 28. Qd1 Rxc2 29. Rxc2 Rxc2 30. Rb1 Rd2 31. Qe1 Qc2 32. Rb8+ Bc8
33. Qxd2 Qc7 34. Ra8 h6 35. Rxa4 Be6 36. Ra1 Qe5 37. Re1 Qc5 38. Qe3 Qc2 39.
Qd4 h5 40. Qe5 Qd2 41. Ra1 Qe2 42. Qd4 h4 43. Qd8+ 1-0

[Event "Univé Chess Tournament 2009 - Open"]
[Site "Hoogeveen NED"]
[Date "2009.10.18"]
[Round "3.31"]
[White "Beukema, Stefan"]
[Black "Mellema, Andries"]
[Result "1/2-1/2"]
[WhiteElo "2032"]
[BlackElo "2125"]
[PlyCount "156"]
[EventDate "2009.10.16"]
[EventType "swiss"]
[EventRounds "9"]
[EventCountry "NED"]
[Source "lmi"]
[SourceDate "2009.10.16"]

1. e4 e6 2. d4 d5 3. Nc3 Nf6 4. Bg5 dxe4 5. Bxf6 gxf6 6. Nxe4 f5 7. Ng3 c5 8.
dxc5 Qxd1+ 9. Rxd1 Bxc5 10. Nf3 Nc6 11. Bb5 Bd7 12. O-O Rg8 13. Nh5 Be7 14. g3
Rc8 15. Rd2 a6 16. Ba4 b5 17. Bb3 Rc7 18. Rfd1 Bc8 19. Nf4 Bf6 20. c3 Ke7 21.
Nd4 Nxd4 22. cxd4 Bg5 23. Kf1 Kd6 24. Ke2 Bb7 25. Ke3 Bd5 26. Bxd5 Bxf4+ 27.
gxf4 Kxd5 28. Kf3 Rc4 29. Re2 Rg4 30. Re5+ Kd6 31. h3 Rh4 32. Kg3 Rh6 33. d5
Ke7 34. Rd2 Rg6+ 35. Kf3 Rh6 36. Kg3 Rg6+ 37. Kh2 Rxf4 38. b3 Rg8 39. Rde2 Rg6
40. Rd2 Rg8 41. d6+ Kd7 42. Rc5 Rc8 43. Rxc8 Kxc8 44. Kg3 Re4 45. f3 Re5 46.
Rc2+ Kd7 47. Rc7+ Kxd6 48. Rxf7 Re2 49. a4 bxa4 50. bxa4 Ra2 51. Rxh7 Rxa4 52.
Ra7 Ke5 53. h4 Ra1 54. h5 Rg1+ 55. Kh2 Rg5 56. Rxa6 Kf4 57. Rxe6 Kxf3 58. Ra6
Rxh5+ 59. Kg1 f4 60. Ra3+ Kg4 61. Kf2 Rh2+ 62. Kf1 Rd2 63. Ke1 Rb2 64. Kf1 Kh4
65. Kg1 Kg4 66. Kf1 Rb5 67. Kf2 Rd5 68. Kf1 Rd4 69. Kg2 Rc4 70. Kf2 Re4 71. Kg2
Re3 72. Ra2 Rd3 73. Rb2 Kf5 74. Rb8 Rd2+ 75. Kf3 Rd3+ 76. Ke2 Re3+ 77. Kf2 Re5
78. Kf3 Re3+ 1/2-1/2

[Event "Univé Chess Tournament 2009 - Open"]
[Site "Hoogeveen NED"]
[Date "2009.10.19"]
[Round "4.1"]
[White "Slingerland, Fred"]
[Black "Brodsky, Michail"]
[Result "0-1"]
[WhiteElo "2395"]
[BlackElo "2530"]
[PlyCount "88"]
[EventDate "2009.10.16"]
[EventType "swiss"]
[EventRounds "9"]
[EventCountry "NED"]
[Source "lmi"]
[SourceDate "2009.10.16"]

1. e4 c5 2. Nf3 d6 3. d4 cxd4 4. Nxd4 Nf6 5. Nc3 a6 6. Be2 e5 7. Nb3 Be7 8. Bg5
Be6 9. Bxf6 Bxf6 10. Qd3 Be7 11. O-O-O O-O 12. Kb1 Nd7 13. Nd5 Bxd5 14. Qxd5
Qc7 15. h4 Rac8 16. Rc1 Qb6 17. g4 Nc5 18. g5 Ne6 19. Bg4 Nf4 20. Qd2 Rc4 21.
Qe3 Bd8 22. h5 d5 23. exd5 Nxd5 24. Qxe5 Rxg4 25. Qxd5 Rxg5 26. Qe4 h6 27. f4
Rb5 28. Rcg1 Bf6 29. Qg2 Qd6 30. Qf2 Re8 31. Rd1 Rd5 32. Rde1 Rxe1+ 33. Rxe1
Rxh5 34. Qe2 Qe6 35. Qd2 Qd5 36. Qe2 Rh1 37. Rxh1 Qxh1+ 38. Nc1 g6 39. a4 h5
40. c4 h4 41. Kc2 h3 42. Nd3 Qg2 43. Kd1 Qg1+ 44. Kd2 h2 0-1

[Event "Univé Chess Tournament 2009 - Open"]
[Site "Hoogeveen NED"]
[Date "2009.10.19"]
[Round "4.2"]
[White "Haslinger, Stewart"]
[Black "Willemze, Thomas"]
[Result "1-0"]
[WhiteElo "2529"]
[BlackElo "2391"]
[PlyCount "79"]
[EventDate "2009.10.16"]
[EventType "swiss"]
[EventRounds "9"]
[EventCountry "NED"]
[Source "lmi"]
[SourceDate "2009.10.16"]

1. e4 c6 2. Ne2 d5 3. e5 c5 4. d4 Nc6 5. c3 cxd4 6. cxd4 Bf5 7. Nbc3 e6 8. Ng3
Bg6 9. Be3 Rc8 10. Be2 Nge7 11. O-O Nf5 12. Nxf5 Bxf5 13. Rc1 Bb4 14. Qb3 O-O
15. Na4 Qe7 16. a3 Ba5 17. Bd3 Bxd3 18. Qxd3 Bc7 19. b4 Qe8 20. b5 Nb8 21. Bd2
f6 22. Bb4 Rf7 23. f4 b6 24. Rc2 fxe5 25. dxe5 Nd7 26. Rfc1 Nc5 27. Nxc5 bxc5
28. Bxc5 Rxf4 29. Bxa7 Rc4 30. a4 Bxe5 31. Rxc4 dxc4 32. Qe2 Qd7 33. Qxe5 Qxa7+
34. Kh1 Qd7 35. h3 Qd5 36. Qxd5 exd5 37. b6 Ra8 38. Ra1 c3 39. a5 c2 40. b7 1-0

[Event "Univé Chess Tournament 2009 - Open"]
[Site "Hoogeveen NED"]
[Date "2009.10.19"]
[Round "4.4"]
[White "Gruenfeld, Yehuda"]
[Black "Nijboer, Friso"]
[Result "0-1"]
[WhiteElo "2474"]
[BlackElo "2540"]
[PlyCount "92"]
[EventDate "2009.10.16"]
[EventType "swiss"]
[EventRounds "9"]
[EventCountry "NED"]
[Source "lmi"]
[SourceDate "2009.10.16"]

1. e4 c5 2. Nf3 Nc6 3. d4 cxd4 4. Nxd4 Nf6 5. Nc3 d6 6. Bg5 e6 7. Qd2 a6 8.
O-O-O Be7 9. f4 Nxd4 10. Qxd4 b5 11. Bxf6 gxf6 12. Be2 Rb8 13. Kb1 Qb6 14. Qd3
Qc5 15. Rhf1 Bd7 16. e5 f5 17. Rd2 Bc6 18. exd6 Rd8 19. Bf3 Rxd6 20. Bxc6+ Qxc6
21. Qe2 Rxd2 22. Qxd2 Bf6 23. Rd1 O-O 24. Qd6 Qxg2 25. Qxa6 Qxh2 26. Nd5 Bg7
27. Ne7+ Kh8 28. Qxb5 Qxf4 29. Nc6 Qf3 30. Rf1 Qg2 31. a4 h5 32. Nb4 h4 33. Qc4
Bf6 34. Qf4 Kh7 35. Qf3 Qxf3 36. Rxf3 Ra8 37. b3 Kg6 38. Nd3 e5 39. c4 e4 40.
Nf4+ Kg5 41. Rf1 Be5 42. Nh3+ Kg4 43. Nf2+ Kg3 44. Nh1+ Kg2 45. Rxf5 Re8 46.
Nf2 Bg3 0-1

[Event "Univé Chess Tournament 2009 - Open"]
[Site "Hoogeveen NED"]
[Date "2009.10.19"]
[Round "4.5"]
[White "Grooten, Herman"]
[Black "Kasparov, Sergey"]
[Result "0-1"]
[WhiteElo "2328"]
[BlackElo "2488"]
[PlyCount "60"]
[EventDate "2009.10.16"]
[EventType "swiss"]
[EventRounds "9"]
[EventCountry "NED"]
[Source "lmi"]
[SourceDate "2009.10.16"]

1. d4 d5 2. c4 c6 3. Nf3 Nf6 4. g3 Bf5 5. Nbd2 h6 6. Bg2 e6 7. O-O Nbd7 8. b3
Bd6 9. Bb2 Qb8 10. Qc1 O-O 11. c5 Bc7 12. Nh4 Bh7 13. f4 a5 14. Qc3 b6 15. cxb6
Bxb6 16. h3 c5 17. Nhf3 cxd4 18. Nxd4 e5 19. fxe5 Qxe5 20. Rf4 Rac8 21. N2f3
Qxe2 22. Re1 Qa6 23. Qe3 Rfe8 24. Qd2 Ne4 25. Qe3 Ndf6 26. Kh2 Nxg3 27. Ne5
Nge4 28. Ng4 Bc7 29. Bxe4 Nxg4+ 30. hxg4 Rxe4 0-1

[Event "Univé Chess Tournament 2009 - Open"]
[Site "Hoogeveen NED"]
[Date "2009.10.19"]
[Round "4.6"]
[White "Van Oosterom, Chiel"]
[Black "Kraai, Jesse"]
[Result "1-0"]
[WhiteElo "2386"]
[BlackElo "2526"]
[PlyCount "81"]
[EventDate "2009.10.16"]
[EventType "swiss"]
[EventRounds "9"]
[EventCountry "NED"]
[Source "lmi"]
[SourceDate "2009.10.16"]

1. e4 e6 2. d4 d5 3. Nc3 Nf6 4. Bg5 Bb4 5. e5 h6 6. Bc1 Ne4 7. Qg4 g6 8. Nge2
c5 9. a3 Ba5 10. dxc5 Nc6 11. b4 Nxe5 12. Qh3 Bc7 13. Nxe4 dxe4 14. Bb2 Qf6 15.
Nc3 Bd7 16. Nxe4 Nf3+ 17. Qxf3 Qxb2 18. Qf6 Qxf6 19. Nxf6+ Ke7 20. Nxd7 Kxd7
21. O-O-O+ Ke7 22. g3 a5 23. Bb5 Rhd8 24. Kb2 Rxd1 25. Rxd1 Rd8 26. Rxd8 Kxd8
27. Kb3 axb4 28. axb4 Be5 29. Kc4 g5 30. h3 h5 31. Ba4 g4 32. hxg4 hxg4 33. b5
f5 34. b6 f4 35. gxf4 Bxf4 36. c3 Be3 37. fxe3 g3 38. c6 Kc8 39. cxb7+ Kb8 40.
Bc6 e5 41. Bg2 1-0

[Event "Univé Chess Tournament 2009 - Open"]
[Site "Hoogeveen NED"]
[Date "2009.10.19"]
[Round "4.7"]
[White "Ulibin, Mikhail"]
[Black "Vul, Arkadi Eremeevich"]
[Result "1-0"]
[WhiteElo "2533"]
[BlackElo "2309"]
[PlyCount "81"]
[EventDate "2009.10.16"]
[EventType "swiss"]
[EventRounds "9"]
[EventCountry "NED"]
[Source "lmi"]
[SourceDate "2009.10.16"]

1. d4 d5 2. c4 e6 3. Nf3 Nf6 4. g3 dxc4 5. Bg2 c6 6. Ne5 b5 7. a4 Nd5 8. O-O
Bb7 9. e4 Nb4 10. Nc3 a6 11. Qh5 Qc7 12. Bf4 Qe7 13. Bg5 Qc7 14. Bd8 g6 15. Qf3
Kxd8 16. Qf6+ Qe7 17. Qxh8 f6 18. Ng4 Qg7 19. Qxg7 Bxg7 20. e5 f5 21. Nf6 Nd5
22. Bxd5 exd5 23. axb5 axb5 24. Rxa8 Bxa8 25. Nxh7 b4 26. Na4 Nd7 27. Ng5 Ke7
28. Ra1 Bb7 29. f4 c5 30. Nxc5 Nxc5 31. dxc5 Kd7 32. Nf3 Bf8 33. Ra5 c3 34.
bxc3 bxc3 35. Nd4 Ba6 36. Kf2 Bd3 37. Ke3 Be4 38. e6+ Kc7 39. Ra7+ Kd8 40. Nc6+
Kc8 41. e7 1-0

[Event "Univé Chess Tournament 2009 - Open"]
[Site "Hoogeveen NED"]
[Date "2009.10.19"]
[Round "4.8"]
[White "Romanishin, Oleg"]
[Black "Genova, Lyubka"]
[Result "1-0"]
[WhiteElo "2515"]
[BlackElo "2250"]
[PlyCount "81"]
[EventDate "2009.10.16"]
[EventType "swiss"]
[EventRounds "9"]
[EventCountry "NED"]
[Source "lmi"]
[SourceDate "2009.10.16"]

1. Nf3 c5 2. e4 e6 3. d3 Nc6 4. g3 Nge7 5. h4 d5 6. Qe2 b6 7. Bg2 Bb7 8. O-O d4
9. Nbd2 Qc7 10. Nc4 e5 11. a4 h6 12. Nh2 O-O-O 13. f4 f6 14. Nf3 Ba6 15. b3 Kb7
16. Bd2 Nc8 17. fxe5 Bxc4 18. bxc4 fxe5 19. Bh3 a5 20. Rf2 Bd6 21. Raf1 Rhf8
22. Ne1 Rxf2 23. Rxf2 Rf8 24. Rxf8 Bxf8 25. Be6 Nd8 26. Bd5+ Ka6 27. Qh5 Bd6
28. Qe8 Ne7 29. Nf3 Ka7 30. Kg2 Ndc6 31. Be1 Nxd5 32. exd5 Nb4 33. Bxb4 axb4
34. Nd2 Qe7 35. Qg6 Qf6 36. Qg4 Qf7 37. Ne4 Bc7 38. d6 Bd8 39. Qc8 Qf8 40. Qd7+
Kb8 41. a5 1-0

[Event "Univé Chess Tournament 2009 - Open"]
[Site "Hoogeveen NED"]
[Date "2009.10.19"]
[Round "4.9"]
[White "Riemersma, Li"]
[Black "Timmermans, Ivo"]
[Result "1/2-1/2"]
[WhiteElo "2431"]
[BlackElo "2237"]
[PlyCount "147"]
[EventDate "2009.10.16"]
[EventType "swiss"]
[EventRounds "9"]
[EventCountry "NED"]
[Source "lmi"]
[SourceDate "2009.10.16"]

1. d4 d5 2. c4 c6 3. Nf3 Nf6 4. Nc3 dxc4 5. a4 Bf5 6. Ne5 Nbd7 7. Nxc4 Nb6 8.
Ne5 a5 9. g3 e6 10. Bg2 Bb4 11. O-O O-O 12. e3 Nbd7 13. e4 Bg6 14. Nxg6 hxg6
15. Qe2 Re8 16. Bg5 Qb6 17. Rfd1 e5 18. d5 Rad8 19. Qf3 Be7 20. d6 Bf8 21. Rd2
Nc5 22. Rad1 Re6 23. Bf1 Nb3 24. Rd3 Nd4 25. Rxd4 exd4 26. Ne2 Rdxd6 27. Nf4
Rxe4 28. Bxf6 Rxf4 29. Qxf4 gxf6 30. Bc4 Qc5 31. b3 b5 32. axb5 cxb5 33. Bf1 a4
34. bxa4 bxa4 35. Rc1 Qg5 36. Qxg5 fxg5 37. Bd3 Rd5 38. Rc4 a3 39. Ra4 g4 40.
Kg2 Bc5 41. Ra5 Kf8 42. h3 gxh3+ 43. Kxh3 Ke7 44. Kg2 Kd6 45. Ra6+ Kc7 46. Bc4
Rf5 47. f4 g5 48. Kf3 gxf4 49. gxf4 Rh5 50. Ke4 Rh3 51. Rf6 d3 52. Bxd3 Re3+
53. Kd5 Rxd3+ 54. Kxc5 a2 55. Ra6 Rd2 56. f5 f6 57. Ra7+ Kd8 58. Ra8+ Ke7 59.
Ra7+ Kf8 60. Kc4 Kg8 61. Kc3 Rd5 62. Rxa2 Kg7 63. Rg2+ Kf7 64. Rf2 Ke7 65. Re2+
Kd7 66. Rd2 Rxd2 67. Kxd2 Kd6 68. Ke2 Kc5 69. Ke3 Kc4 70. Ke4 Kc5 71. Ke3 Kd5
72. Kd3 Ke5 73. Ke3 Kxf5 74. Kf3 1/2-1/2